00921nam a2200217Ii 450000100060000000300090000600800410001504000330005604100080008908200250009710000430012224501310016526400880029630000120038433600260039633700280042233800270045094000520047799900170052995201570054613405CO-ViMGA241108s9999||||xx |||||||||||||| ||und|| aCO-ViMGAbspaerdacCO-ViMGA0 aspa04aF.FC 301.4243 - C15p1 aCámara de Comercio de Bogotá9992110aLa prostitución infantil y la adolescente en el centro de Santefé de Bogotá:bUn ensayo de investigación social urbana 1aBogotá, Colombia : Taller de Publicaciones Cámara de Comercio de Bogotá, 1993 avolumen atextbtxt2rdacontent aunmediatedbn2rdamedia avolumebnc2rdacarrier aidficha_siabuc: 13107. -- ficha_no_siabuc:13405 c39841d39841 001040708FFamiliaCaraMEVIGERRbMEVIGERRcLOCALd2007-07-30oF.FC 301.4243 - C15ppECA17945r2024-11-25 15:07:16tEj.1w2024-11-25yBKz13107 | 17398